| 000 | 00528nam a2200205 a 4500 | ||
|---|---|---|---|
| 003 | DLC | ||
| 005 | 20260225112213.0 | ||
| 008 | 991125c1960 enkbr p r 000 0 eng d | ||
| 022 | _a0266-6278 | ||
| 035 | _aUPN01000059271 | ||
| 040 |
_aMX-MxUPN _bspa _cMX-MxUPN _eaacr2 |
||
| 245 | 1 | 0 | _aACE Bulletin |
| 260 |
_aInglaterra : _bAdvisory Centre for Education, _c1984- |
||
| 310 | _aBimestral | ||
| 650 | 4 |
_aEducación _9682 |
|
| 902 | _aGloria Jiménez/250226 | ||
| 904 |
_aAC _b000003 |
||
| 905 | _aRevista | ||
| 942 | _cREV-I | ||
| 999 |
_c59271 _d59271 |
||